| 000 | 00482nam a2200157Ia 4500 | ||
|---|---|---|---|
| 005 | 20250620013559.0 | ||
| 008 | 240331s9999 xx 000 0 und d | ||
| 020 | _a9559111078 | ||
| 082 |
_bMAD _a323 |
||
| 100 | _aMadhapola, T | ||
| 245 | 0 | _aSrilankawe dheshapalana aiyathanathula sthri niyojanaya | |
| 260 |
_aColombo _bShakthi Gender Equality Project _c2004 |
||
| 300 | _a121 p ., | ||
| 500 | _aA book on Women's Representation in Political Institutions in Sri Lanka | ||
| 942 | _cL | ||
| 999 |
_c2461 _d2461 |
||